zpět

Detail výsledku týmu

Bowling pub, Vyškov

Datum a čas kvízu

18 Celkem bodů Celkový počet nahraných bodů na tomto kvízu bez doplňovacích otázek.
7. Pořadí na kvízu Konečné umístění týmu na tomto kvízu.

Zaznamenané odpovědi

# Otázka Odpověď Body Výsledky
1. Někteří senátoři chtějí ve Va... lavička s popelníkem 1
2. Saúdskoarabský korunní princ M... Jeff Bezos 0
3. V pondělí jsme zažili údajně n... Blue Monday 0
4. Aféra s předraženou zakázkou n... hackathon 0
5. Čínská tenistka Wang Čhiang, 2... Serenu Williamsovou 1
6. Jelikož se o ostrovech zmiňuje... D) zaťatou pěst se vztyčeným ukazováčkem 0
7. Nyní se podíváme na souostroví... Země Františka Josefa 0
8. Obcí, částí obcí či měst s náz... Ostrov nad Ohří 1
9. Ostrovačice v okrese Brno-venk... Amerika 0
10. Jak se jmenoval německý patolo... Paul Langerhans 0